000 00973nam a2200265Ia 4500
001 16299
003 GE_BSU
008 181216s||||||||xx |||||||||||||| ||und||
020 _a9789941920523
040 _cGE_BSU
080 _a343(075.8)
100 _aნაჭყებია,გურამ.
245 _aსისხლის სამართლის ზოგადი ნაწილი.
245 _bსახელმძღვ.
245 _cრედ:ირაკლი დვალიძე.
260 _aთბილისი
260 _bინოვაცია
260 _c2011
300 _a448გვ;20სმ.
300 _bთავფურ.ავტ.მითით.არ არის.ბიბლიოგრ.ტექსტ.შენიშვნ.
541 _h15ლ.
653 _aსამართალი
653 _aსისხლის სამართლის ზოგადი ნაწილი.
942 _cBK
999 _c49381
_d49381